Statistics for 2016 Music

Click here to take the quiz!

General Stats

  • This quiz has been taken 721 times
    (516 since last reset)
  • The average score is 13 of 32

Answer Stats

HintAnswer% Correct
24K MagicBruno Mars
93%
Cheap ThrillsSia
90%
PillowtalkZayn
85%
Dangerous WomanAriana Grande
84%
Can't Stop the FeelingJustin Timberlake
82%
WorkRihanna
80%
Purple Rain (1984)Prince
76%
CloserThe Chainsmokers
74%
Hands to MyselfSelena Gomez
73%
Work from HomeFifth Harmony
72%
Hymn for the WeekendColdplay
65%
When We Were YoungAdele
64%
FormationBeyonce
57%
Just Like FireP!nk
55%
NoMeghan Trainor
51%
RideTwenty-One Pilots
44%
CompanyJustin Bieber
38%
Summer SixteenDrake
31%
FamousKanye West
27%
OpheliaThe Lumineers
26%
The SoundThe 1975
17%
This Is What You Came ForCalvin Harris (feat. Rihanna)
16%
H.O.L.Y.Florida Georgia Line
14%
Dark NecessitiesRed Hot Chili Peppers
8%
CloseNick Jonas (feat. Tove Lo)
6%
Dance OffMacklemore & Ryan Lewis
5%
Bored to DeathBlink-182
4%
Burn the WitchRadiohead
4%
I Can't Give Everything AwayDavid Bowie
3%
Make Me Love YouGwen Stefani
1%
In the Dark3 Doors Down
0%
King of the WorldWeezer
0%

Score Distribution

Percentile by Number Answered

Percent of People with Each Score

Your Score History

You have not taken this quiz since the last reset